LIBRARY ONLINE CATALOGUE

Church alive. (Record no. 20998)

MARC details
000 -LEADER
fixed length control field 00953cam a2200325 4500
001 - CONTROL NUMBER
control field 1796385
003 - CONTROL NUMBER IDENTIFIER
control field OSt
005 - DATE AND TIME OF LATEST TRANSACTION
control field 20251209163859.0
008 - FIXED-LENGTH DATA ELEMENTS--GENERAL INFORMATION
fixed length control field 730329s1972 cau b 001 0 eng
010 ## - LIBRARY OF CONGRESS CONTROL NUMBER
LC control number 78185799
020 ## - INTERNATIONAL STANDARD BOOK NUMBER
International Standard Book Number 0830701451
020 ## - INTERNATIONAL STANDARD BOOK NUMBER
International Standard Book Number 9780830701452
035 ## - SYSTEM CONTROL NUMBER
System control number 1796385
040 ## - CATALOGING SOURCE
Original cataloging agency DLC
Transcribing agency DLC
Modifying agency DLC
050 00 - LIBRARY OF CONGRESS CALL NUMBER
Classification number BS2625.3
Item number .L37 1972
082 00 - DEWEY DECIMAL CLASSIFICATION NUMBER
Classification number 226/.6/066
100 1# - MAIN ENTRY--PERSONAL NAME
Personal name La Sor, William Sanford.
245 10 - TITLE STATEMENT
Title Church alive.
260 ## - PUBLICATION, DISTRIBUTION, ETC. (IMPRINT)
Place of publication, distribution, etc. Glendale, Calif.,
Name of publisher, distributor, etc. G/L Regal Books
Date of publication, distribution, etc. [1972]
300 ## - PHYSICAL DESCRIPTION
Extent 429 p.
Dimensions 18 cm.
336 ## - CONTENT TYPE
Content type term text
Content type code txt
Source rdacontent
337 ## - MEDIA TYPE
Media type term unmediated
Media type code n
Source rdamedia
338 ## - CARRIER TYPE
Carrier type term volume
Carrier type code nc
Source rdacarrier
490 0# - SERIES STATEMENT
Series statement Layman's Bible commentary: Acts
504 ## - BIBLIOGRAPHY, ETC. NOTE
Bibliography, etc Bibliography: p. 406-411.
630 00 - SUBJECT ADDED ENTRY--UNIFORM TITLE
Uniform title Bible.
Name of part/section of a work Acts
General subdivision Commentaries.
906 ## - LOCAL DATA ELEMENT F, LDF (RLIN)
a 7
b cbc
c orignew
d 2
e ncip
f 19
g y-gencatlg
942 ## - ADDED ENTRY ELEMENTS (KOHA)
Source of classification or shelving scheme Library of Congress Classification
Koha item type General Collection
Holdings
Withdrawn status Lost status Source of classification or shelving scheme Not for loan Home library Current library Shelving location Date acquired Source of acquisition Inventory number Total Checkouts Full call number Barcode Date last seen Copy number Price effective from Koha item type
    Library of Congress Classification   Kabarak, Main Campus Kabarak, Main Campus General Stacks 09/12/2025 Donation 2025/2688   BS2625.3 .L37 1972 C.1 39559 09/12/2025 C.1 09/12/2025 General Collection